LEADER 02485nam 22005895 450 001 9910163400803321 005 20240501154336.0 010 $a9783504385354 010 $a3504385359 024 7 $a10.9785/9783504385354 035 $a(CKB)3710000000882520 035 $a(DE-B1597)470338 035 $a(OCoLC)958121193 035 $a(DE-B1597)9783504385354 035 $a(MiAaPQ)EBC4733951 035 $a(Perlego)1088648 035 $a(EXLCZ)993710000000882520 100 $a20200723h20162016 fg 101 0 $ager 135 $aur||||||||||| 181 $ctxt$2rdacontent 182 $cc$2rdamedia 183 $acr$2rdacarrier 200 14$aDie umsatzsteuerliche Behandlung der öffentlichen Hand /$fThomas Wiesch 205 $a1st ed. 210 1$aKöln : $cVerlag Dr. Otto Schmidt, $d[2016] 210 4$d©2016 215 $a1 online resource (569 p.) 225 0 $aRechtsordnung und Steuerwesen ;$v049 327 $tFrontmatter -- $tGeleitwort -- $tVorwort -- $tInhaltsübersicht -- $tInhaltsverzeichnis -- $tEinführung -- $tA. Die Behandlung der öffentlichen Hand nach der Mehrwertsteuersystemrichtlinie -- $tB. Die Behandlung der öffentlichen Hand nach dem Umsatzsteuergesetz -- $tC. Eine grundlegende Betrachtung der gegenwärtigen umsatzsteuerlichen Behandlung der öffentlichen Hand -- $tD. Reformmodelle für die umsatzsteuerliche Behandlung der öffentlichen Hand -- $tResümee -- $tAbkürzungsverzeichnis -- $tLiteraturverzeichnis -- $tStichwortverzeichnis 330 $aDie Arbeit stellt einerseits die geltende Rechtslage ausführlich dar und untersucht andererseits Möglichkeiten einer grundlegenden Reform. Sie wurde mit dem Maurice Lauré Prize 2016 der IFA und dem Albert-Hensel-Preis 2016 der DStJG ausgezeichnet. 606 $aValue-added tax$xLaw and legislation 606 $aEU 606 $aEuropa 606 $aUmsatzsteuer 606 $aöffentliche Hand 606 $aLAW / Taxation$2bisacsh 615 0$aValue-added tax$xLaw and legislation. 615 4$aEU. 615 4$aEuropa. 615 4$aUmsatzsteuer. 615 4$aöffentliche Hand. 615 7$aLAW / Taxation. 676 $a343.055 686 $aPP 4599$2rvk 700 $aWiesch$b Thomas, $4aut$4http://id.loc.gov/vocabulary/relators/aut$01804700 801 0$bDE-B1597 801 1$bDE-B1597 906 $aBOOK 912 $a9910163400803321 996 $aDie umsatzsteuerliche Behandlung der öffentlichen Hand$94352885 997 $aUNINA